Chemická neškodnosť potravín : Súhrny prednášok, 8. 11. 2002 /
Gespeichert in:
| 1. Verfasser: | |
|---|---|
| Körperschaft: | |
| Format: | Tagungsbericht Buch |
| Sprache: | Slowakisch Englisch |
| Veröffentlicht: |
Bratislava :
Výskumný ústav potravinársky,
2002
|
| Ausgabe: | [1. vyd.] |
| Schlagworte: | |
| Online-Zugang: |
|
| Tags: |
Tag hinzufügen
Keine Tags, Fügen Sie den ersten Tag hinzu!
|
MARC
| LEADER | 00000nam a2200000 4500 | ||
|---|---|---|---|
| 003 | SK-BrCVT | ||
| 005 | 20220621155646.0 | ||
| 008 | 030301s2002 xo e ||||||slo d | ||
| 035 | |a CVTIDW0967264 | ||
| 040 | |b slo |a CVTI SR | ||
| 041 | 0 | |a slo |a eng | |
| 044 | |a xo | ||
| 080 | |a 663/664:614.31 |2 UDC-MRF | ||
| 080 | |a 637.06 |2 UDC-MRF | ||
| 080 | |a 613.2 |2 UDC-MRF | ||
| 080 | |a 579.67 |2 UDC-MRF | ||
| 100 | 1 | |a Kováč, Milan |9 2066 | |
| 111 | 0 | |a Súhrny prednášok |f 8. 11. 2002 | |
| 245 | 1 | 0 | |a Chemická neškodnosť potravín : |b Súhrny prednášok, 8. 11. 2002 / |c Autori: Milan Kováč a kol. |
| 250 | |a [1. vyd.] | ||
| 260 | |a Bratislava : |b Výskumný ústav potravinársky, |c 2002 | ||
| 300 | |a 25, 23 s. : |b obr. ; | ||
| 653 | 1 | |a mikrobiologická bezpečnosť |a DNA |a otrava | |
| 692 | |a LN OR JM MM | ||
| 910 | |b A585766 | ||
| 974 | |f Knihy | ||
| 992 | |a AZN | ||
| 999 | |c 125454 |d 125454 | ||